Normal view
MARC view
- Fantasy fiction, English.
Entry Topical Term
001 - CONTROL NUMBER
- control field: 12006
003 - CONTROL NUMBER IDENTIFIER
- control field: NUST
005 - DATE AND TIME OF LATEST TRANSACTION
- control field: 20180726092400.0
008 - FIXED-LENGTH DATA ELEMENTS
- fixed length control field: 180726|| aca||aabn | a|a d
040 ## - CATALOGING SOURCE
- Original cataloging agency: NUST
- Transcribing agency: NUST
150 ## - HEADING--TOPICAL TERM
- Topical term or geographic name entry element: Fantasy fiction, English.
670 ## - SOURCE DATA FOUND
- Source citation: Work cat.: (NUST)174418: Clarke, Susanna. 12005, The ladies of Grace Adieu :, 2006.
